1639 1709 1690 1850 1511 1320 1895 1227 1185 1725 1200 1984 1592 1818 1564 1637 1636 1207 1586 1764 1338 1290 1380 1544 1269 1532 1030 1138 1569 1056 1844 1335 1040 1805 1600 1725 1652 1170 1532 1597 1984 1270 1644 1636 1366 1345 1387 1689 1223 1054 1061 1761 1794 1745 1647 1126 1470 1643 1807 1326 1972 1382 1352 1786 1565 1399 1618 1339 1091 1737 1426 1368 1260 1009 1290 1239 1007 1620 1693 1936 1245 1884 1495 1275 1307 1325 1876 1629 1705 1203 1974 1257 1063 1340 1283 1013 1611 1393 1120 BCNSPRNW ULIB Ver.6.0+V

เปลี่ยนเป็นภาษาไทย

Change to English
 แสดงรายละเอียดบรรณานุกรม
  กลับหน้าหลัก

Brief Record : Get Marc (ISO 2709) : E-mail record : QR code < ปิดหน้าต่าง
LEADER : 00000nam 2200000uu 4500
001    13399127416
003     ULIB
008    200520s2562||||th 000 0 tha d
020 ^  ^a9786160035779
050 ^  ^aนว^bณ429ณ
100 0  ^aณารา.
245 ^  ^aณ ปลายรุ้งฉันจะรอเธอ =^bOver the rainbow /^cณารา.
246 3  ^aOver the rainbow
250 ^  ^aพิมพ์ครั้งที่ 1.
260 ^  ^aกรุงเทพฯ :^bพิมพ์คำ,^c2562.
300 ^  ^a552 หน้า ;^c21 ซม.
945    ^p380^l0^i007090
999    ^aประนอม เกษจรัล
รายการนี้ยังไม่มีแท็ก
คุณยังไม่ได้ล็อกอิน คุณสามารถมีกิจกรรมร่วมกับเว็บไซต์ได้ แต่ต้องล็อกอินก่อน ::
  ล็อกอิน

รายการสื่อสารสนเทศ

ลำดับที่ ประเภท เลขเรียก/บาร์โค้ด สถานที่ สถานะ
1. นวนิยาย
นวนิยาย
นว ณ429ณ ฉ.1 
  Barcode: 007090
ห้องสมุดวิทยาเขตสวรรค์ประชารักษ์
►หนังสือทั่วไป
บนชั้น

รายการใกล้เคียง
    ผู้แต่ง [ณารา.]

BibComment


ยังไม่เคยถูกคอมเมนท์

คอมเมนท์ทรัพยากรรายการนี้
  คอมเมนท์: ณ ปลายรุ้งฉันจะร..


 Copyright 2026. Bcnsprnw @Library